| 000 | 00749nam a22002537a 4500 | ||
|---|---|---|---|
| 999 |
_c4100 _d4100 |
||
| 001 | 11527 | ||
| 003 | BD-DhUAP | ||
| 005 | 20201101142024.0 | ||
| 008 | 201101r19821985nyua b 001 0 eng | ||
| 020 | _a0070721882 | ||
| 040 |
_aBD-DhUAP _cBD-DhUAP _dBD-DhUAP _bEng |
||
| 082 | 0 | 0 |
_a510.2462 WYL _220 |
| 100 | 1 | _aWylie, C. Ray. | |
| 245 | 1 | 0 |
_aAdvanced engineering mathematics / _cC. Ray Wylie and Louis C. Barrett. |
| 250 | _a5th ed. | ||
| 260 |
_aLondon : _bMacGraw-Hill, _cc1982 [Reprinted 1985]. |
||
| 300 |
_aix, 1103 pages : _billustrations ; _c21 cm. |
||
| 504 | _aIncludes index. | ||
| 650 | 0 | _aEngineering mathematics. | |
| 650 | 0 | _aMathematical physics. | |
| 650 | 0 | _aMathematics. | |
| 700 | _aBarrett, Louis C. | ||
| 942 |
_2ddc _cBK |
||